<?xml version="1.0" encoding="UTF-8"?>
<record
    xmlns:xsi="http://www.w3.org/2001/XMLSchema-instance"
    xsi:schemaLocation="http://www.loc.gov/MARC21/slim http://www.loc.gov/standards/marcxml/schema/MARC21slim.xsd"
    xmlns="http://www.loc.gov/MARC21/slim">

  <leader>00460nam a2200169Ia 4500</leader>
  <controlfield tag="008">230718s9999    xx            000 0 und d</controlfield>
  <datafield tag="020" ind1=" " ind2=" ">
    <subfield code="a">9780787951627</subfield>
  </datafield>
  <datafield tag="041" ind1=" " ind2=" ">
    <subfield code="a">eng</subfield>
  </datafield>
  <datafield tag="082" ind1=" " ind2=" ">
    <subfield code="a">378.1796</subfield>
    <subfield code="b">BLI</subfield>
  </datafield>
  <datafield tag="100" ind1=" " ind2=" ">
    <subfield code="a">Bligh D.A.</subfield>
    <subfield code="9">194037</subfield>
  </datafield>
  <datafield tag="245" ind1=" " ind2=" ">
    <subfield code="a">What's The Use Of Lectures</subfield>
  </datafield>
  <datafield tag="260" ind1=" " ind2=" ">
    <subfield code="c">2000</subfield>
    <subfield code="b">Jossey-Bass Publishers</subfield>
  </datafield>
  <datafield tag="300" ind1=" " ind2=" ">
    <subfield code="a">346</subfield>
  </datafield>
  <datafield tag="365" ind1=" " ind2=" ">
    <subfield code="c">Rs.</subfield>
    <subfield code="b">2212.00</subfield>
  </datafield>
  <datafield tag="700" ind1=" " ind2=" ">
    <subfield code="a">Bligh D.A.</subfield>
    <subfield code="9">194037</subfield>
  </datafield>
  <datafield tag="906" ind1=" " ind2=" ">
    <subfield code="d">O:0313526-Nov-2012B:327329-Oct-2012</subfield>
    <subfield code="c">ETC </subfield>
    <subfield code="b">553</subfield>
  </datafield>
  <datafield tag="999" ind1=" " ind2=" ">
    <subfield code="c">331594</subfield>
    <subfield code="d">331594</subfield>
  </datafield>
  <datafield tag="952" ind1=" " ind2=" ">
    <subfield code="0">0</subfield>
    <subfield code="1">0</subfield>
    <subfield code="4">0</subfield>
    <subfield code="7">0</subfield>
    <subfield code="a">CCEP</subfield>
    <subfield code="b">CCEP</subfield>
    <subfield code="d">2012-11-26</subfield>
    <subfield code="e">Om Book Stall</subfield>
    <subfield code="f">ETC </subfield>
    <subfield code="g">1659.00</subfield>
    <subfield code="i">3273</subfield>
    <subfield code="l">0</subfield>
    <subfield code="o">378.1796</subfield>
    <subfield code="p">CCEP-BK-42801</subfield>
    <subfield code="r">2023-07-18 00:00:00</subfield>
    <subfield code="t">553</subfield>
    <subfield code="v">2212.00</subfield>
    <subfield code="w">2012-10-29</subfield>
    <subfield code="y">BK</subfield>
    <subfield code="z">042801</subfield>
  </datafield>
</record>
